| 000 | 00504nam a2200205Ia 4500 | ||
|---|---|---|---|
| 003 | STCL | ||
| 008 | 230729s9999 xx 000 0 und d | ||
| 020 | _a9780071244763 | ||
| 040 |
_aSTCL _cSTCL _bEN |
||
| 082 | _222 | ||
| 100 | _aSilberschatz, Abraham | ||
| 245 | 0 | _aDatabase: system concepts | |
| 250 | _a5 | ||
| 260 |
_bMcGraw Hill Higher Education _aNew York _c2006 |
||
| 300 | _a1142 p | ||
| 365 | _b980 | ||
| 546 | _aEnglish | ||
| 700 | _aKorth, Henry F; Sudarshan, S | ||
| 942 |
_2DDC _e22 _cBK |
||
| 999 |
_c89966 _d89966 |
||